'Heroes' - David Bowie - Statistics

General Stats
  • This quiz has been taken 22 times
  • The average score is 6 of 10
Answer Stats
Answer % Correct
'Heroes'
100%
Beauty and the Beast
72%
Joe the Lion
61%
Sons of the Silent Age
61%
Neuköln
56%
Moss Garden
50%
The Secret Life of Arabia
44%
V-2 Schneider
44%
Blackout
39%
Sense of Doubt
39%
No matching quizzes found
Score Distribution
Percent of People with Each Score
Percentile by Number Answered
Your Score History
You have not taken this quiz